La Repúbllica / (Registro nro. 31173)

Detalles MARC
000 -LEADER
fixed length control field 00522nam a22001817a 4500
003 - CONTROL NUMBER IDENTIFIER
control field OSt
005 - DATE AND TIME OF LATEST TRANSACTION
control field 20260415131705.0
008 - FIXED-LENGTH DATA ELEMENTS--GENERAL INFORMATION
fixed length control field 260415b |||||||| |||| 00| 0 eng d
040 ## - CATALOGING SOURCE
Original cataloging agency CO-JMCR
Language of cataloging spa
Transcribing agency CO-JMCR
Modifying agency CO-JMCR
Description conventions rda
082 0# - DEWEY DECIMAL CLASSIFICATION NUMBER
Classification number 321.07
Item number P31r
100 0# - MAIN ENTRY--PERSONAL NAME
Personal name Platón,
Relator term autor
9 (RLIN) 14224
245 1# - TITLE STATEMENT
Title La Repúbllica /
260 ## - PUBLICATION, DISTRIBUTION, ETC.
Place of publication, distribution, etc. Santa fé de Bogotá :
Name of publisher, distributor, etc. Panamericana ,
Date of publication, distribution, etc. 1992
300 ## - PHYSICAL DESCRIPTION
Extent 263 páginas :
Dimensions 23 cm.
650 ## - SUBJECT ADDED ENTRY--TOPICAL TERM
Topical term or geographic name entry element Filosofía
General subdivision sociedad
9 (RLIN) 44608
650 ## - SUBJECT ADDED ENTRY--TOPICAL TERM
Topical term or geographic name entry element Filosofía
General subdivision griega
9 (RLIN) 44609
942 ## - ADDED ENTRY ELEMENTS (KOHA)
Source of classification or shelving scheme Dewey Decimal Classification
Koha item type Books
Existencias
Withdrawn status Lost status Source of classification or shelving scheme Damaged status Not for loan Home library Current library Date acquired Source of acquisition Total Checkouts Full call number Date last seen Copy number Price effective from Koha item type
    Dewey Decimal Classification     Biblioteca Pública José María del Castillo y Rada Biblioteca Pública José María del Castillo y Rada 04/15/2026 Donación   321.07 P31r 04/15/2026 Ej.1 04/15/2026 Books
    Dewey Decimal Classification     Biblioteca Pública José María del Castillo y Rada Biblioteca Pública José María del Castillo y Rada 04/15/2026 Donación   321.07 P31r 04/15/2026 Ej.1 04/15/2026 Books
    Dewey Decimal Classification     Biblioteca Pública José María del Castillo y Rada Biblioteca Pública José María del Castillo y Rada 04/15/2026 Donación   321.07 P31r 04/15/2026 Ej.1 04/15/2026 Books
    Dewey Decimal Classification     Biblioteca Pública José María del Castillo y Rada Biblioteca Pública José María del Castillo y Rada 04/15/2026 Donación   321.07 P31r 04/15/2026 Ej.1 04/15/2026 Books